000 01661cad a22002535a 4500
001 L142651
008 080227e20080225xxk f f000 0 eng d
035 _a(Sirsi) u142651
041 0 _aeng
050 0 4 _a306.1 $2 18
110 1 _aUnited Kingdom
_bDepartment for Communities and Local Government
_94939
245 0 0 _aLifetime homes, lifetime neighbourhoods
_ba national strategy for housing in an ageing society
_h[electronic resource]
260 _aLondon
_bDCLG
_c2008
520 _aOutlines the Government's plans to create sufficient housing suitable for the ageing population. Identifies the issues of housing and ageing as a cross-government priority. Details the demographic issues which make changes in housing planning imperative. An increase in social housing and attention to safe neighbourhoods are considered as important steps. Investment in housing conditions is planned. All public housing is to be built to Lifetime Homes Standards by 2011. Lifetime homes and neighbourhoods are to be prioritised. There is to be an increased integration of services relating to housing, health and care services.
521 2 _aAdvanced
590 _aKA NTK
651 4 _aUnited Kingdom
_y
690 _aPROPERTY-PROPERTY DEVELOPMENT-STRATEGIC PROPERTY DEVELOPMENT
690 _aPROPERTY-RESIDENTIAL PROPERTY-DOMESTIC RESIDENTIAL PROPERTY-HOUSING
710 1 _aUnited Kingdom
_bDepartment of Health
_95511
710 1 _aUnited Kingdom
_bDepartment for Work and Pensions
_95352
856 4 0 _uhttps://www.communities.gov.uk/publications/housing/lifetimehomesneighbourhoods
_zView the publication free of charge at www.communities.gov.uk...
942 _n0
999 _c107930
_d107930